Les temps de l'action publique (notice n° 1598696)

détails MARC
000 -LEADER
fixed length control field 01912cam a2200169 4500500
005 - DATE AND TIME OF LATEST TRANSACTION
control field 20251228080707.0
041 ## - LANGUAGE CODE
Language code of text/sound track or separate title fre
042 ## - AUTHENTICATION CODE
Authentication code dc
100 10 - MAIN ENTRY--PERSONAL NAME
Personal name Gauthier, Pierre
Relator term author
245 00 - TITLE STATEMENT
Title Les temps de l'action publique
260 ## - PUBLICATION, DISTRIBUTION, ETC.
Date of publication, distribution, etc. 2013.<br/>
500 ## - GENERAL NOTE
General note 86
520 ## - SUMMARY, ETC.
Summary, etc. Les médias qui font l’opinion, et même souvent les décideurs politiques, sont persuadés qu’il suffit de faire une loi pour régler un problème. Les praticiens du social savent, au contraire, que les réformes qu’ils mettent en œuvre – particulièrement nombreuses au cours de la dernière décennie – appellent souvent des changements de pratiques, voire des évolutions de culture professionnelle, et s’inscrivent forcément dans le temps. La recherche de l’effet d’annonce, la pratique des « lois kleenex » ont contribué à brouiller notre perception du temps des politiques publiques. Mais lorsque les conditions nécessaires sont réunies, celles-ci peuvent aller vite : la création du rmi et de la cmu en donnèrent d’excellents exemples.
520 ## - SUMMARY, ETC.
Summary, etc. Time and public actionThe media lead opinion and political decision makers to believe that legislating will be sufficient action to solve a problem. Social practioners know, however, that reforms often need changes in practice and even an evolution of professional culture, thus being necessarily subject to time. The search for immediate impact, making « kleenex » legislation, has been a veil to the true perception of time in public policy. However, when the necessary conditions are brought together, policies can be introduced quickly as the examples of the introduction of minimum insertion benefit and that of universal coverage of health care have proved.
786 0# - DATA SOURCE ENTRY
Note Vie sociale | 2 | 2 | 2013-06-01 | p. 65-71 | 0042-5605
856 41 - ELECTRONIC LOCATION AND ACCESS
Uniform Resource Identifier <a href="https://shs.cairn.info/revue-vie-sociale-2013-2-page-65?lang=fr&redirect-ssocas=7080">https://shs.cairn.info/revue-vie-sociale-2013-2-page-65?lang=fr&redirect-ssocas=7080</a>

Pas d'exemplaire disponible.

PLUDOC

PLUDOC est la plateforme unique et centralisée de gestion des bibliothèques physiques et numériques de Guinée administré par le CEDUST. Elle est la plus grande base de données de ressources documentaires pour les Étudiants, Enseignants chercheurs et Chercheurs de Guinée.

Adresse

627 919 101/664 919 101

25 boulevard du commerce
Kaloum, Conakry, Guinée

Réseaux sociaux

Powered by Netsen Group @ 2025